<?xml version="1.0" encoding="UTF-8"?><?xml-stylesheet type="text/xsl" href="static/style.xsl"?><OAI-PMH xmlns="http://www.openarchives.org/OAI/2.0/" xmlns:xsi="http://www.w3.org/2001/XMLSchema-instance" xsi:schemaLocation="http://www.openarchives.org/OAI/2.0/ http://www.openarchives.org/OAI/2.0/OAI-PMH.xsd"><responseDate>2026-04-29T07:25:29Z</responseDate><request verb="GetRecord" identifier="oai:repisalud.isciii.es:20.500.12105/13581" metadataPrefix="marc">https://repisalud.isciii.es/rest/oai/request</request><GetRecord><record><header><identifier>oai:repisalud.isciii.es:20.500.12105/13581</identifier><datestamp>2024-05-21T11:02:22Z</datestamp><setSpec>com_20.500.12105_2203</setSpec><setSpec>com_20.500.12105_2202</setSpec><setSpec>col_20.500.12105_19505</setSpec></header><metadata><record xmlns="http://www.loc.gov/MARC21/slim" xmlns:dcterms="http://purl.org/dc/terms/" xmlns:doc="http://www.lyncode.com/xoai" xmlns:xsi="http://www.w3.org/2001/XMLSchema-instance" xsi:schemaLocation="http://www.loc.gov/MARC21/slim http://www.loc.gov/standards/marcxml/schema/MARC21slim.xsd">
   <leader>00925njm 22002777a 4500</leader>
   <datafield ind2=" " ind1=" " tag="042">
      <subfield code="a">dc</subfield>
   </datafield>
   <datafield ind2=" " ind1=" " tag="720">
      <subfield code="a">Instituto de Salud Carlos III. Centro Nacional de Epidemiología</subfield>
      <subfield code="e">author</subfield>
   </datafield>
   <datafield ind2=" " ind1=" " tag="260">
      <subfield code="c">2006-10-21</subfield>
   </datafield>
   <datafield ind2=" " ind1=" " tag="520">
      <subfield code="a">Resultados de Laboratorio: En las doce muestras centinela, enviadas esta semana a los laboratorios del sistema, no se ha notificado aislamientos de virus de la gripe. Sistemas Centinela: En la semana 42/2006 hemos recibido información de todas las redes centinela que integran el Sistema Centinela para la Vigilancia de la Gripe en España, excepto de Asturias. En la figura exponemos datos de incidencia de gripe por períodos semanales para la anterior temporada y la actual, en el territorio sujeto a vigilancia (Andalucía, Aragón, Asturias, Baleares, Canarias, Cantabria, Castilla-La Mancha, Castilla y León, Cataluña, Comunidad Valenciana, Extremadura, Madrid, Navarra, País Vasco, La Rioja y Ceuta). Todas las redes declaran ausencia de actividad gripal en sus territorios sujetos a vigilancia. La tasa global de incidencia notificada de gripe esta semana es de 10,78 por 100.000 habitantes.</subfield>
   </datafield>
   <datafield ind1="8" ind2=" " tag="024">
      <subfield code="a">http://hdl.handle.net/20.500.12105/13581</subfield>
   </datafield>
   <datafield tag="653" ind2=" " ind1=" ">
      <subfield code="a">Gripe</subfield>
   </datafield>
   <datafield tag="653" ind2=" " ind1=" ">
      <subfield code="a">Vigilancia epidemiológica</subfield>
   </datafield>
   <datafield ind2="0" ind1="0" tag="245">
      <subfield code="a">Vigilancia de la gripe en España Semana 42/2006 (15 al 21 de octubre de 2006)</subfield>
   </datafield>
</record></metadata></record></GetRecord></OAI-PMH>